Capitales d'Afrique a l'aveugle - Statistiques

Statistiques générales
  • Ce quiz a été pris 55 fois
  • Le résultat moyen est 40 sur 56
Statistiques - réponses
Pays Capitale % Correct
Algérie Alger
100%
Égypte Le Caire
100%
Maroc Rabat
100%
Tunisie Tunis
100%
Sénégal Dakar
95%
République Démocratique du Congo Kinshasa
95%
République du Congo Brazzaville
93%
Mali Bamako
89%
Libye Tripoli
89%
Kenya Nairobi
86%
Guinée-Bissau Bissau
82%
Côte d'Ivoire Yamoussoukro
82%
Cameroun Yaoundé
82%
Sierra Leone Freetown
80%
Gabon Libreville
80%
Togo Lomé
80%
Soudan Khartoum
77%
Mauritanie Nouakchott
77%
Cap-Vert Praia
77%
Burkina Faso Ouagadougou
75%
Ghana Accra
73%
Madagascar Antananarivo
73%
Guinée Conakry
73%
Djibouti Djibouti
73%
Rwanda Kigali
73%
Éthiopie Addis-Abeba
70%
République Centrafricaine Bangui
70%
Afrique du Sud (législative) Le Cap
70%
Angola Luanda
70%
Tchad Ndjamena
70%
Niger Niamey
70%
Bénin Porto-Novo
70%
Afrique du Sud (administrative) Pretoria
70%
Nigeria Abuja
68%
Gambie Banjul
68%
Zimbabwe Harare
68%
Sao Tomé-et-Principe Sao Tomé
68%
Seychelles Victoria
68%
Tanzanie Dodoma
66%
Mozambique Maputo
66%
Namibie Windhoek
66%
Somalie Mogadiscio
64%
Comores Moroni
61%
Érythrée Asmara
59%
Ouganda Kampala
59%
Maurice Port-Louis
59%
Botswana Gaborone
57%
Malawi Lilongwe
57%
Zambie Lusaka
57%
Liberia Monrovia
57%
Soudan du Sud Djouba
55%
Lesotho Maseru
55%
Guinée Équatoriale Malabo
52%
Burundi Gitega
50%
Eswatini Mbabane
43%
Afrique du Sud (judiciaire) Bloemfontein
36%
Aucun quiz correspondant
Distribution des résultats
% des personnes avec chaque résultat
Percentile par nombre de réponses
Votre historique - résultats
Vous n’avez pas pris ce quiz